Vývoj elektromobility na Slovensku

Využívanie elektrických vozidiel predstavuje významné zníženie hluku a emisií pochádzajúcich z dopravy s pozitívnym dopadom na zvyšovanie kvality života. Podmienky naštartovania postupného prechodu od spaľovacích motorov k novým efektívnejším technológiám.

Saved in:
Bibliographic Details
Main Author: Šofranko, Michal
Other Authors: Pekár, Juraj, 1972-
Format: Book Chapter
Language:Slovak
Subjects:
Tags: Add Tag
No Tags, Be the first to tag this record!

MARC

LEADER 00000nla a2200000 4500
001 0207254
005 20240502073437.6
041 0 |a slo 
044 |a SK 
245 1 0 |a Vývoj elektromobility na Slovensku  |c Michal Šofranko, Juraj Pekár 
520 |a Využívanie elektrických vozidiel predstavuje významné zníženie hluku a emisií pochádzajúcich z dopravy s pozitívnym dopadom na zvyšovanie kvality života. Podmienky naštartovania postupného prechodu od spaľovacích motorov k novým efektívnejším technológiám. 
610 2 0 |a prostriedky dopravné 
610 2 0 |a automobily 
610 2 0 |a elektronika 
610 2 0 |a technológie nové 
610 2 0 |a hluk 
610 2 0 |a emisie 
610 2 0 |a prostredie životné 
100 1 |a Šofranko, Michal 
700 1 |a Pekár, Juraj, 1972-